<?xml version="1.0" encoding="UTF-8"?>
<collection xmlns="http://www.loc.gov/MARC21/slim">
 <record>
  <leader>00564pamaa2200169   4500</leader>
  <controlfield tag="001">0000024046</controlfield>
  <controlfield tag="005">20070921090000.0</controlfield>
  <datafield tag="020" ind1="0" ind2="0">
   <subfield code="a">0138404062 </subfield>
  </datafield>
  <datafield tag="090" ind1="0" ind2="0">
   <subfield code="a">QA76.8.M67 </subfield>
   <subfield code="b">WRA 1999</subfield>
  </datafield>
  <datafield tag="100" ind1="1" ind2="0">
   <subfield code="a">WRAY </subfield>
  </datafield>
  <datafield tag="245" ind1="1" ind2="0">
   <subfield code="a">Using microprocessors and microcomputers : </subfield>
   <subfield code="b">the motorola family  </subfield>
   <subfield code="c">William C. Wray, Joseph D. Greenland and Ross T. Bannatyne.</subfield>
  </datafield>
  <datafield tag="250" ind1="0" ind2="0">
   <subfield code="a">4th ed..</subfield>
  </datafield>
  <datafield tag="260" ind1="0" ind2="0">
   <subfield code="a">New Jersey: </subfield>
   <subfield code="b">Prentice Hall, </subfield>
   <subfield code="c">1999.</subfield>
  </datafield>
  <datafield tag="300" ind1=" " ind2=" ">
   <subfield code="a">xiv, 946p.: </subfield>
   <subfield code="b">ill.; </subfield>
   <subfield code="c">24cm.</subfield>
  </datafield>
  <datafield tag="650" ind1="0" ind2="0">
   <subfield code="a">Motorola 68000 series microprocessors </subfield>
  </datafield>
  <datafield tag="650" ind1="0" ind2="0">
   <subfield code="a">Motorola 68000 series </subfield>
  </datafield>
  <datafield tag="700" ind1="1" ind2="1">
   <subfield code="a">BANNATYNE, </subfield>
   <subfield code="h">Ross T. </subfield>
  </datafield>
 </record>
</collection>
